000 00705npm a2200217 i 4500
001 5255
003 ES-MaACL
005 20230908152635.0
007 hzrazu bucu
008 900426r19901867sp b 00010 spa d
080 _a7(46)"1866"
100 1 _aGarcía, José.
_954041
245 1 4 _aLas Bellas Artes en España, 1866
_b: [Microforma] /
_cpor Jose Garcia.
260 _aMadrid :
_bAteneo Cientifico, Literario y Artistico,
_c1990.
300 _a1 microficha :
_bnegativo.
500 _aPublicado originalmente: Madrid, Impr. de D. Ernesto Ausart, 1867.
650 1 4 _aObras de 1800.
_915662
852 _aES-MaACL
_jMCF-27
_95372
_cDEPO1
942 _2udc
_cMICROFORMA
999 _c5255
_d5255